Průvodce nitrem DOSu a BIOSu

Gespeichert in:
Bibliographische Detailangaben
1. Verfasser: Skramuský, Robert (Verfasst von)
Format: Buch
Sprache:Tschechisch
Veröffentlicht: Praha : Grada, 1993
Tags: Tag hinzufügen
Keine Tags, Fügen Sie das erste Tag hinzu!

MARC

LEADER 00000nam a22000003a 4500
001 stu27166
005 20150617225739.6
008 931206s1993----cs------------------cze-d
020 |a 80-85623-90-0 
040 |a STU  |b slo 
041 0 |a cze 
044 |a cs 
080 |a 519.687 
100 1 |a Skramuský, Robert  |4 aut 
245 1 |a Průvodce nitrem DOSu a BIOSu 
260 |a Praha :  |b Grada,  |c 1993 
300 |a 267 s 
996 |c V*41810/O-17787  |l VV23  |s P  |a 0  |w stu27166_0001